000 00767nam a2200289 a 4500
001 UByD002330
003 AR-LpoUNG
005 20240209150747.0
008 240209s2019||||ag a||||||||||||||||spa d
020 _a9789877475210
040 _aAR-LpoUNG
_bspa
_cAR-LpoUNG
_eaacr
041 _aspa
044 _aag
082 0 _a808.068 3 673tor
100 1 _aPisos, Cecilia
245 1 3 _aLa torre menguante :
_bel cumpleaños sin fin
250 _a1ra. ed.
260 _aBuenos Aires :
_bV & R,
_c2019.
300 _a172 p. :
_bil.
505 _aSugerido a partir de 10 años (etiqueta VIOLETA)
650 4 _aCUENTOS
650 4 _aLITERATURA
653 0 _aLITERATURA INFANTIL
700 1 _aTabárez, Rodrigo
_eil.
905 _a34107
942 _cLIB
_2ddc
999 _c64845
_d64845